Yuck! stuck in the muck / (Record no. 4344)

MARC details
000 -LEADER
fixed length control field 01062cam a2200337 a 4500
001 - CONTROL NUMBER
control field 4344
003 - CONTROL NUMBER IDENTIFIER
control field FISKH
005 - DATE AND TIME OF LATEST TRANSACTION
control field 20250331113909.0
008 - FIXED-LENGTH DATA ELEMENTS--GENERAL INFORMATION
fixed length control field 050324s2006 nyua b 000 1 eng
010 ## - LIBRARY OF CONGRESS CONTROL NUMBER
LC control number 2005007645
020 ## - INTERNATIONAL STANDARD BOOK NUMBER
International Standard Book Number 0439794315 (pbk.)
040 ## - CATALOGING SOURCE
Original cataloging agency DLC
Transcribing agency DLC
Modifying agency DLC
Language of cataloging eng
050 ## - LIBRARY OF CONGRESS CALL NUMBER
Classification number PZ8.D3888
082 ## - DEWEY DECIMAL CLASSIFICATION NUMBER
Classification number 160
100 1# - MAIN ENTRY--PERSONAL NAME
Personal name Demas, Corinne.
245 10 - TITLE STATEMENT
Title Yuck! stuck in the muck /
Statement of responsibility, etc. by Corinne Demas ; illustrated by Laura Rader.
260 ## - PUBLICATION, DISTRIBUTION, ETC.
Place of publication, distribution, etc. New York :
Name of publisher, distributor, etc. Scholastic,
Date of publication, distribution, etc. 2006.
300 ## - PHYSICAL DESCRIPTION
Extent 32 unnumbered pages :
Other physical details color illustrations ;
Dimensions 23 cm
440 #0 - SERIES STATEMENT/ADDED ENTRY--TITLE
Title Scholastic reader.
Number of part/section of a work Level 1
505 ## - FORMATTED CONTENTS NOTE
Formatted contents note G<br/>
520 ## - SUMMARY, ETC.
Summary, etc. When Dog chases Duck into the swamp and is stuck, several attempts to pluck him out leave his rescuers also stuck.
521 8# - TARGET AUDIENCE NOTE
Target audience note 360<br/>
Source Lexile AD <br/>
521 8# - TARGET AUDIENCE NOTE
Target audience note G<br/>
Source Raz-Plus<br/>
650 #1 - SUBJECT ADDED ENTRY--TOPICAL TERM
Topical term or geographic name entry element Ducks
Form subdivision Fiction.
650 #1 - SUBJECT ADDED ENTRY--TOPICAL TERM
Topical term or geographic name entry element Dogs
Form subdivision Fiction.
650 #1 - SUBJECT ADDED ENTRY--TOPICAL TERM
Topical term or geographic name entry element Swamps
Form subdivision Fiction.
700 1# - ADDED ENTRY--PERSONAL NAME
Personal name Rader, Laura,
Relator term illustrator
906 ## - LOCAL DATA ELEMENT F, LDF (RLIN)
a 7
b cbc
c orignew
d 1
e ecip
f 20
g y-gencatlg
942 ## - ADDED ENTRY ELEMENTS (KOHA)
Source of classification or shelving scheme Dewey Decimal Classification
Koha item type Books
Suppress in OPAC No
Holdings
Withdrawn status Lost status Source of classification or shelving scheme Damaged status Not for loan Collection Home library Current library Shelving location Date acquired Total Checkouts Full call number Barcode Date last seen Date last checked out Price effective from Koha item type Copy number
    Dewey Decimal Classification     Juvenile Fiction Footprints International School Library Network Toul Kork Campus Footprints International School Library Network Toul Kork Campus TK Primary Library Room(4th Floor), Bookcase 7, Shelves 57-60, Dark Green Books 07/31/2024 3 DEM 160 PZ8.D3888 FISTK01372 03/12/2026 01/14/2026 07/31/2024 Books  
    Dewey Decimal Classification     Juvenile Fiction Footprints International School Library Network Toul Tom Poung Campus Footprints International School Library Network Toul Tom Poung Campus TTP Primary Green Bookshelves 03/31/2025   DEM 160 PZ8.D3888 2025-0932 03/31/2025   03/31/2025 Books 2